Loading...
| Science - Other Science | 0 | 8 | 0 | 1 | 80 | 29 | 61.25 | 4 | 4 |
| Science - Chemistry | 0 | 4 | 1 | 1 | 35 | 63 | 74.00 | 0 | 2 |
| Science - Biology | 0 | 3 | 0 | 1 | 30 | 57 | 69.00 | 0 | 0 |
| Social Science | 0 | 3 | 0 | 2 | 30 | 31 | 68.67 | 1 | 1 |
| History - World History | 0 | 3 | 0 | 0 | 30 | 8 | 38.00 | 1 | 3 |
| Science - Physics | 0 | 3 | 1 | 1 | 25 | 73 | 81.33 | 0 | 0 |
| Pop Culture | 0 | 2 | 0 | 0 | 20 | 48 | 60.50 | 1 | 1 |
| History - European History | 0 | 2 | 1 | 1 | 15 | 66 | 70.00 | 0 | 1 |
| Religion | 0 | 1 | 0 | 0 | 10 | 50 | 50.00 | 1 | 1 |
| Fine Arts - Other Fine Arts | 0 | 1 | 0 | 0 | 10 | 43 | 43.00 | 1 | 1 |
| Literature - British Literature | 0 | 1 | 0 | 0 | 10 | 67 | 67.00 | 0 | 1 |
| Mythology | 0 | 1 | 0 | 0 | 10 | 46 | 46.00 | 0 | 1 |
| History - American History | 0 | 1 | 0 | 0 | 10 | 62 | 62.00 | 0 | 1 |
| Painting/Sculpture | 0 | 1 | 1 | 0 | 5 | 86 | 86.00 | 0 | 0 |